000 01510cam a22003857a 4500
003 CHAP
005 20220329142018.0
008 990215d1994 ar r 00110 spa d
010 _a77034
011 _a78006
035 _a87791
040 _cCHAP
090 _aFolleto 15113
100 0 0 _aPizarro, José B.
_988616
245 1 0 _aDesarrollo de un modelo de unidad productiva para la zona agrícola Pampeana Argentina :
_bsistema mixto : agrícola-porcino grupo : productor propietario-contratista
_c/por José B. Pizarro y Miguel A, Cacciamani
260 _aPergamino, Arg. :
_bEstacion Experimental Agropecuaria Pergamino,
_c1994
300 _a67 p. :
_bgráfs. ; cuadros
410 2 _aINTA. Estación Experimental Agropecuaria Pergamino
490 0 _aInforme técnico
_v; 294
590 _aBATCH-UPD
_b10
_c20130110
_lUCH01
_h0344
590 _aBATCH-UPD
_b10
_c20130110
_lUCH01
_h1930
590 _aBATCH-UPD
_b10
_c20130410
_lUCH01
_h0017
590 _aBATCH-UPD
_b10
_c20130913
_lUCH01
_h2228
590 _aCONVERSION
_b10
_c20130109
_lUCH01
_h1342
650 1 4 _aAgricultura y ganadería.
_92074
650 1 4 _aGanado porcino
_xArgentina.
_945333
650 1 4 _aGanado porcino
_xProducción.
_945399
700 0 _aCacciamani, Miguel A.
_916977
810 0 0 _aINTA. Estación Experimental Agropecuaria Pergamino
_959497
830 0 _aInforme técnico
_v; 294
_958143
901 _aBK
905 _aGuadalupe Pinto C.
942 _cFOLL
949 _aFolleto 15113
_bBC
_cFOLL
_d877911
_eTS1
_i87791
_kDonaciØn
_sb
999 _c77034
_d77034